| 000 | 01268nam a2200313 a 4500 | ||
|---|---|---|---|
| 999 |
_c7552 _d7552 |
||
| 001 | 991002290419706706 | ||
| 003 | OSt | ||
| 005 | 20211217115529.0 | ||
| 008 | 031112s1944 spc|||||| 000 ||spa|c | ||
| 035 | _a(ES-BaCBU).b10500789 | ||
| 035 | _a(OCoLC)801938398 | ||
| 040 |
_aES-BaCBU _bcat _cCDMR |
||
| 043 |
_ae-sp--- _be-spc-- _2catmarc |
||
| 080 | _a911.375(467.11)"18/19" | ||
| 084 |
_a9(46.71Bar)"18" _2z |
||
| 090 |
_aDPC309.9.B3757 _bC325 1944 |
||
| 090 |
_aDPC309.9.B3757 _bC325 1944 |
||
| 100 | 1 | _aCaballé i Clos, Tomàs, | |
| 245 | 1 | 0 |
_aBarcelona de antaño : _bmemorias de un viejo reportero barcelonés / _cpor Tomás Caballé y Clos |
| 260 |
_aBarcelona : _bAries, _c1944 |
||
| 300 |
_a230 p. ; _c22 cm |
||
| 651 | 7 |
_aBarcelona (Catalunya) _xHistòria _yS. XIX-XX. _2lemac _vRelats personals |
|
| 651 | 7 |
_aBarcelona (Catalunya) _xHistòria _y1874-1931, Restauració _xRelats personals. _2lemac |
|
| 830 | 0 | _aEvocaciones barcelonesas | |
| 907 |
_a.b10500789 _b23-06-21 _c06-05-08 _d12-11-03 _em _fa _g- _hspa _ispc _j0 _k1 |
||
| 908 |
_aICGC _aAHCB _aBAB _aBC _aFBC _aUB _aUPF _aUPC _aBPEB _aCOAC _aCBAB _aGEPA _aANC _aFMPB _aMNAC _aUdG |
||
| 942 |
_2udc _cMON |
||
| 949 |
_a1009102529 _bB 2/2/1339 _c1 _d0 _e0 _f05.04.06 _g1 _k1900 _m05.04.06 _n05.04.06 _o0 _pFons: Biblioteca (R.2559) |
||